Vzdělávání a rozvoj zaměstnanců v ČR

Kvalita ľudských zdrojov a globalizácia. Vzdelávanie a rozvoj zamestnancov. Formovanie pracovných schopností človeka. Prínosy vzdelávania a rozvoja. Vzdelávanie a rozvoj zamestnancov v Českej republike. Intenzita a obsah vzdelávania zamestnancov. Metóda, dĺžka a poskytovatelia vzdelávania zamestnanc...

Descrizione completa

Salvato in:
Dettagli Bibliografici
Autore principale: Šikýř, Martin
Natura: Capitolo di libro
Lingua:ceco
Soggetti:
Tags: Aggiungi Tag
Nessun Tag, puoi essere il primo ad aggiungerne!!

MARC

LEADER 00000naa$a2200000$$$4500
001 0039210
005 20231114082339.3
041 0 |a cze 
044 |a CZ 
245 1 0 |a Vzdělávání a rozvoj zaměstnanců v ČR  |c Martin Šikýř 
520 |a Kvalita ľudských zdrojov a globalizácia. Vzdelávanie a rozvoj zamestnancov. Formovanie pracovných schopností človeka. Prínosy vzdelávania a rozvoja. Vzdelávanie a rozvoj zamestnancov v Českej republike. Intenzita a obsah vzdelávania zamestnancov. Metóda, dĺžka a poskytovatelia vzdelávania zamestnancov. Uplatnenie absolventov škôl. 
610 2 0 |a Česko 
610 2 0 |a podnik 
610 2 0 |a globalizácia 
610 2 0 |a zdroje ľudské 
610 2 0 |a kvalifikácia 
610 2 0 |a absolventi 
610 2 0 |a zamestnanci 
610 2 0 |a vzdelávanie ďalšie 
610 2 0 |a vzdelávanie 
100 1 |a Šikýř, Martin